| 000 | 00859nam a2200277Ia 4500 | ||
|---|---|---|---|
| 003 | GCL | ||
| 008 | 140319s9999 xx 000 0 ara d | ||
| 020 | _a0695345977 | ||
| 040 |
_aGCL / _cGCL |
||
| 082 | 0 | 4 |
_a659.1 _bس ف |
| 100 | 1 | _aسامويل ، ا . ج | |
| 245 | 1 | 0 |
_aفن الاعلان / _cسامويل ، ا . ج |
| 250 | _aالاولى | ||
| 260 |
_aالقاهرة : _bدار الفاروق للنشر والتوزيع ، _c2004 |
||
| 300 |
_a104 ص ؛ _c19 سم |
||
| 490 |
_aما قل ودل _v0 |
||
| 650 | 0 | 4 | _aالتسويق |
| 650 | 0 | 4 | _aالعرض والطلب |
| 650 | 0 | 4 | _aالدعاية |
| 650 | 0 | 4 | _aوسائل الاعلام |
| 650 | 0 | 4 | _aادارة المبيعات |
| 650 | 0 | 4 | _aالباعة وفن البيع |
| 650 | 0 | 4 | _aالحملات الاعلانية |
| 650 | 0 | 4 | _aالاعلان - دعاية |
| 942 |
_2ddc _cBK |
||
| 999 |
_c7204 _d7204 |
||